[Event "British Columbia-Washington m"]
[Site "chess.com"]
[Date "2021.01.16"]
[Round "3.12"]
[White "Kagaoan, Jose"]
[Black "Seshadri, Sridhar"]
[Result "1-0"]
[WhiteElo "1989"]
[BlackElo "1626"]
[PlyCount "145"]
[EventDate "2021.01.16"]
[EventType "team (rapid)"]
[EventRounds "5"]
[EventCountry "CAN"]

1. e4 Nf6 2. Bc4 d6 3. d3 h6 4. Nc3 c6 5. Bb3 e5 6. f4 Nbd7 7. Nf3 Nc5 8. fxe5
Nxb3 9. axb3 dxe5 10. Nxe5 Bb4 11. Bd2 O-O 12. Nf3 Bg4 13. O-O Qd7 14. Qe1 Bxf3
15. Rxf3 Bc5+ 16. Be3 Bxe3+ 17. Qxe3 Rae8 18. Rxa7 Ng4 19. Qb6 Ra8 20. h3 Rxa7
21. Qxa7 Ne5 22. Rf2 Qe7 23. d4 Ng6 24. Qc5 Qh4 25. Qf5 Qg3 26. Qf3 Qg5 27. Ne2
Qa5 28. Qc3 Qg5 29. Kh2 Qh4 30. Qf3 Qd8 31. g3 Qa5 32. Nf4 Nxf4 33. Qxf4 Qe1
34. e5 f6 35. Kg2 f5 36. h4 Qa5 37. h5 Qd5+ 38. Kh2 Qe6 39. g4 Qe8 40. gxf5
Qxh5+ 41. Kg3 g5 42. Qg4 Qh1 43. Qh3 Qg1+ 44. Qg2 Qc1 45. c4 h5 46. Kh2 g4 47.
d5 cxd5 48. Qxd5+ Kh8 49. Qd2 g3+ 50. Kg2 Qxd2 51. Rxd2 Rxf5 52. Kxg3 Rxe5 53.
Rd8+ Kg7 54. Rd7+ Kf6 55. Rxb7 Re2 56. c5 Rxb2 57. b4 Ke5 58. b5 Kd5 59. c6 Rc2
60. Kh4 Rh2+ 61. Kg5 h4 62. c7 Rc2 63. Kxh4 Kd6 64. b6 Rc4+ 65. Kg5 Kd7 66. Rb8
Rc5+ 67. Kf4 Rc4+ 68. Ke5 Rc5+ 69. Kd4 Rc1 70. Rd8+ Ke7 71. c8=Q Rd1+ 72. Ke5
Rxd8 73. b7 1-0

[Event "British Columbia-Washington m"]
[Site "chess.com"]
[Date "2021.01.17"]
[Round "4.1"]
[White "Hemstapat, Andrew"]
[Black "Levine, Joseph"]
[Result "1-0"]
[WhiteElo "2245"]
[BlackElo "2179"]
[PlyCount "79"]
[EventDate "2021.01.16"]
[EventType "team (rapid)"]
[EventRounds "5"]
[EventCountry "CAN"]

1. e4 e6 2. d4 d5 3. Nd2 Nf6 4. e5 Nfd7 5. Bd3 c5 6. c3 Nc6 7. Ne2 Qb6 8. Nf3
cxd4 9. cxd4 f6 10. exf6 Nxf6 11. O-O Bd6 12. Bf4 Bxf4 13. Nxf4 O-O 14. Re1
Qxb2 15. Nxe6 Bxe6 16. Rxe6 Rae8 17. Rxe8 Rxe8 18. Rb1 Qxa2 19. Rxb7 Ne4 20.
Qf1 Nd2 21. Qc1 Nxf3+ 22. gxf3 Re6 23. Bf5 Rh6 24. Qe3 Kf8 25. Qf4 Qa1+ 26.
Bb1+ Rf6 27. Qc7 Rg6+ 28. Kh1 Qxb1+ 29. Rxb1 h6 30. Qc8+ Kf7 31. Qf5+ Rf6 32.
Qxd5+ Kg6 33. Qe4+ Kf7 34. Rb7+ Kg8 35. Qg4 Rf7 36. Qc8+ Rf8 37. Qd7 Ne7 38.
Qxe7 Rf7 39. Qxf7+ Kh8 40. Qxg7# 1-0

[Event "British Columbia-Washington m"]
[Site "chess.com"]
[Date "2021.01.17"]
[Round "4.2"]
[White "Le, Quang Long"]
[Black "Min, Ryan"]
[Result "1-0"]
[WhiteElo "2420"]
[BlackElo "1915"]
[PlyCount "41"]
[EventDate "2021.01.16"]
[EventType "team (rapid)"]
[EventRounds "5"]
[EventCountry "CAN"]

1. c4 Nf6 2. g3 g6 3. Bg2 Bg7 4. Nf3 d6 5. d4 Nc6 6. Nc3 a6 7. O-O Rb8 8. d5
Na5 9. Qa4+ c6 10. dxc6 Nxc6 11. Nd4 Bd7 12. Nxc6 bxc6 13. Bxc6 Qc8 14. Bxd7+
Nxd7 15. Nd5 e6 16. Ne3 Bxb2 17. Bxb2 Rxb2 18. c5 dxc5 19. Nc4 Rb4 20. Nd6+ Ke7
21. Nxc8+ 1-0

[Event "British Columbia-Washington m"]
[Site "chess.com"]
[Date "2021.01.17"]
[Round "4.4"]
[White "Kenney, Jason"]
[Black "Nguyen, Thanh Tien"]
[Result "1-0"]
[WhiteElo "2255"]
[BlackElo "2027"]
[PlyCount "73"]
[EventDate "2021.01.16"]
[EventType "team (rapid)"]
[EventRounds "5"]
[EventCountry "CAN"]

1. d4 Nf6 2. c4 g6 3. Nc3 d5 4. cxd5 Nxd5 5. Bd2 Bg7 6. e4 Nb6 7. Be3 O-O 8. h3
Nc6 9. Nf3 e5 10. d5 Nb8 11. Be2 c6 12. O-O cxd5 13. exd5 Na6 14. Qd2 f5 15.
Bh6 Re8 16. Rfd1 Qd6 17. Rac1 Bd7 18. Nb5 Bxb5 19. Bxb5 Rec8 20. Bxg7 Kxg7 21.
Bxa6 bxa6 22. Ng5 h6 23. Ne6+ Kh7 24. h4 Rab8 25. h5 Nc4 26. Qe2 Nb6 27. Qxa6
Qe7 28. hxg6+ Kxg6 29. a4 Kf7 30. Rxc8 Nxc8 31. Qe2 Qf6 32. Rc1 Ne7 33. Rc7 Kg8
34. Qh5 Nxd5 35. Rg7+ Kh8 36. Rg6 Rxb2 37. Qxh6# 1-0

[Event "British Columbia-Washington m"]
[Site "chess.com"]
[Date "2021.01.17"]
[Round "4.5"]
[White "Huang, Patrick"]
[Black "Shubin, Daniel"]
[Result "1-0"]
[WhiteElo "2247"]
[BlackElo "2161"]
[PlyCount "59"]
[EventDate "2021.01.16"]
[EventType "team (rapid)"]
[EventRounds "5"]
[EventCountry "CAN"]

1. d4 d5 2. Bf4 c5 3. e3 Nc6 4. c3 Nf6 5. Nd2 Qb6 6. Qb3 c4 7. Qc2 Bg4 8. Be2
e6 9. e4 O-O-O 10. Bxg4 Nxg4 11. exd5 Rxd5 12. h3 Nf6 13. Nxc4 Qa6 14. Ne3 Rxd4
15. cxd4 Bb4+ 16. Kd1 Rd8 17. Nf3 Nd7 18. Qc4 b5 19. Qc2 Nc5 20. Ke2 Rxd4 21.
Rhd1 Rxf4 22. a3 Bxa3 23. bxa3 b4+ 24. Ke1 Ne4 25. axb4 Qb6 26. Qc4 e5 27. Rac1
Kb7 28. Rd7+ Kc8 29. Nxe5 Rxf2 30. Qxe4 1-0

[Event "British Columbia-Washington m"]
[Site "chess.com"]
[Date "2021.01.17"]
[Round "4.6"]
[White "Mackinnon, Keith"]
[Black "Jiang, Brandon"]
[Result "0-1"]
[WhiteElo "2268"]
[BlackElo "2110"]
[PlyCount "112"]
[EventDate "2021.01.16"]
[EventType "team (rapid)"]
[EventRounds "5"]
[EventCountry "CAN"]

1. c4 f5 2. Nf3 Nf6 3. g3 e6 4. Bg2 Be7 5. d4 O-O 6. d5 Qe8 7. O-O a5 8. Bf4 d6
9. dxe6 Bxe6 10. Nd4 Bc8 11. Nc3 Nc6 12. Ndb5 Bd8 13. c5 dxc5 14. Nxc7 Bxc7 15.
Bxc7 Rf7 16. Nb5 Qe6 17. Bf4 Rd7 18. Qc2 Nd4 19. Nxd4 cxd4 20. Rfd1 Ne4 21. f3
Nf6 22. Rd3 b6 23. Rad1 Ba6 24. Rxd4 Rxd4 25. Rxd4 Qxa2 26. Be5 Rc8 27. Qd1 Qe6
28. f4 h6 29. Rd6 Qe7 30. Rxb6 Rd8 31. Qb3+ Kh7 32. Rxa6 Qc5+ 33. e3 Qc1+ 34.
Bf1 Rd1 35. Rxf6 Rxf1+ 36. Kg2 Rg1+ 37. Kh3 Qf1+ 38. Kh4 Qg2 39. Rxh6+ Kxh6 40.
Qe6+ g6 41. Bg7+ Kh7 42. Qf7 Qxh2+ 43. Kg5 Rxg3+ 44. Kf6 Qh4+ 45. Ke6 Rxe3+ 46.
Be5+ Kh6 47. Qa7 Qxf4 48. Qg7+ Kh5 49. Qh7+ Qh6 50. Qb7 Qf4 51. Qh1+ Kg4 52.
Qg2+ Qg3 53. Qd5 Qxe5+ 54. Qxe5 Rxe5+ 55. Kxe5 f4 56. b4 axb4 0-1

[Event "British Columbia-Washington m"]
[Site "chess.com"]
[Date "2021.01.17"]
[Round "4.7"]
[White "Brown, Gabriel"]
[Black "Moroney, Timothy"]
[Result "0-1"]
[WhiteElo "2048"]
[BlackElo "2048"]
[PlyCount "80"]
[EventDate "2021.01.16"]
[EventType "team (rapid)"]
[EventRounds "5"]
[EventCountry "CAN"]

1. c4 Nf6 2. Nc3 d5 3. cxd5 Nxd5 4. g3 c5 5. Bg2 Nc7 6. Nf3 Nc6 7. O-O e5 8. d3
Be7 9. a3 Rb8 10. Be3 O-O 11. Rc1 b6 12. Nd2 Bb7 13. Qa4 Nd4 14. Bxb7 Rxb7 15.
Rfe1 b5 16. Qd1 Nce6 17. Nb3 f5 18. Bxd4 exd4 19. Nb1 f4 20. N1d2 fxg3 21. hxg3
Qd5 22. Ne4 c4 23. Nbd2 Rc7 24. b4 Bg5 25. Nxg5 Nxg5 26. f3 Qe5 27. Kg2 c3 28.
Ne4 Rc6 29. Rh1 Rg6 30. Rh5 Rf5 31. Nxg5 Rfxg5 32. Rxg5 Qxg5 33. Qe1 Qe3 34.
Rc2 Ra6 35. Qf2 Qxf2+ 36. Kxf2 Rxa3 37. e3 Rb3 38. exd4 Rb2 39. Re2 c2 40. Ke3
c1=Q+ 0-1

[Event "British Columbia-Washington m"]
[Site "chess.com"]
[Date "2021.01.17"]
[Round "4.8"]
[White "Vijayakumar, Advaith"]
[Black "Tian, Shi Yuan (Sherry)"]
[Result "0-1"]
[WhiteElo "2026"]
[BlackElo "2045"]
[PlyCount "106"]
[EventDate "2021.01.16"]
[EventType "team (rapid)"]
[EventRounds "5"]
[EventCountry "CAN"]

1. d4 Nf6 2. c4 e6 3. Nc3 d5 4. cxd5 exd5 5. Bg5 c6 6. e3 Be7 7. Bd3 O-O 8. Qc2
h6 9. Bh4 Re8 10. Nge2 Nbd7 11. O-O Ne4 12. Bxe7 Qxe7 13. Rae1 Ndf6 14. f3 Nxc3
15. Nxc3 Qd6 16. g4 b6 17. h3 Bb7 18. Qh2 Qxh2+ 19. Kxh2 Re7 20. Kg3 Rae8 21.
Kf2 Nd7 22. Re2 Nf8 23. b4 Ne6 24. Rc1 g6 25. Nd1 Kg7 26. a4 Rc7 27. Rec2 Rec8
28. a5 bxa5 29. bxa5 c5 30. a6 Ba8 31. Ke1 cxd4 32. Rxc7 Rxc7 33. Rxc7 Nxc7 34.
exd4 Ne6 35. Nc3 Nxd4 36. Kf2 Kf6 37. Ke3 Nxf3 38. Nb5 d4+ 39. Nxd4 Nxd4 40.
Kxd4 Kg5 41. Bc4 f5 42. gxf5 gxf5 43. Ke3 Bg2 44. h4+ Kg4 45. Be2+ Kg3 46. Kd2
f4 47. h5 f3 48. Bd3 f2 49. Ke3 f1=Q 50. Bxf1 Bxf1 51. Ke4 Bxa6 52. Kf5 Bd3+
53. Kf6 Kg4 0-1

[Event "British Columbia-Washington m"]
[Site "chess.com"]
[Date "2021.01.17"]
[Round "4.9"]
[White "Pham, Bich Ngoc"]
[Black "Velea, Sophie"]
[Result "1-0"]
[WhiteElo "2235"]
[BlackElo "1790"]
[PlyCount "141"]
[EventDate "2021.01.16"]
[EventType "team (rapid)"]
[EventRounds "5"]
[EventCountry "CAN"]

1. c4 e6 2. Nf3 Nf6 3. d4 d5 4. Nc3 Be7 5. e3 b6 6. cxd5 exd5 7. Be2 Bb7 8. O-O
O-O 9. Ne5 Nbd7 10. f4 Ne4 11. Nxe4 dxe4 12. Bc4 Nxe5 13. fxe5 Bd5 14. b3 f6
15. exf6 Rxf6 16. Bb2 c6 17. Qg4 Kh8 18. Rxf6 Bxf6 19. Rf1 Qc8 20. Qxc8+ Rxc8
21. Rc1 Bxc4 22. Rxc4 Kg8 23. Ba3 Kf7 24. d5 c5 25. b4 Be7 26. Kf1 b5 27. Rxe4
c4 28. Rd4 Bf6 29. Rd1 Re8 30. Ke2 Ke7 31. Bc1 Kd7 32. a3 Be5 33. g3 c3 34. Rf1
Bf6 35. Kd3 Rc8 36. Rf2 Rc4 37. Rf4 Rc8 38. Kc2 Kd6 39. e4 Rc4 40. Be3 Ke5 41.
Bxa7 Rxe4 42. Rxe4+ Kxe4 43. d6 Kd5 44. d7 Kc6 45. d8=Q Bxd8 46. Kxc3 Bf6+ 47.
Bd4 Bg5 48. Bxg7 Bc1 49. Kb3 Be3 50. a4 bxa4+ 51. Kxa4 Bf2 52. b5+ Kb6 53. Kb4
h5 54. Kc4 Be1 55. Bf6 Kc7 56. Kc5 Ba5 57. Kd5 Bb6 58. Ke6 Bg1 59. h3 Kb6 60.
Kf5 Kxb5 61. Kg6 Kc6 62. Kxh5 Kd7 63. Kg6 Ke8 64. Kg7 Be3 65. g4 Bf4 66. h4 Kd7
67. h5 Ke6 68. g5 Kf5 69. h6 Bxg5 70. Bxg5 Kxg5 71. h7 1-0

[Event "British Columbia-Washington m"]
[Site "chess.com"]
[Date "2021.01.17"]
[Round "4.10"]
[White "Ramkumar, Aditya"]
[Black "Kagaoan, Jose"]
[Result "0-1"]
[WhiteElo "1452"]
[BlackElo "1989"]
[PlyCount "70"]
[EventDate "2021.01.16"]
[EventType "team (rapid)"]
[EventRounds "5"]
[EventCountry "CAN"]

1. e4 g6 2. d4 Nf6 3. Nc3 d5 4. e5 Ne4 5. Bd3 Nxc3 6. bxc3 c5 7. Nf3 Nc6 8. O-O
Bg7 9. Be3 c4 10. Be2 O-O 11. h3 f6 12. Bf4 fxe5 13. Bxe5 Nxe5 14. Nxe5 Bxe5
15. dxe5 e6 16. f4 Bd7 17. Qd2 b5 18. g4 Kh8 19. f5 gxf5 20. Qh6 Rg8 21. h4 Rg6
22. Qh5 Qb6+ 23. Kh2 Qe3 24. g5 Qxe5+ 25. Kg2 Qxc3 26. Rad1 Qxc2 27. Rf2 Qe4+
28. Bf3 Qe5 29. Re2 Qg7 30. Rde1 Rg8 31. Kh2 Qd4 32. Re5 c3 33. Bxd5 c2 34. Bb3
c1=Q 35. Rxc1 Qxe5+ 0-1

[Event "British Columbia-Washington m"]
[Site "chess.com"]
[Date "2021.01.17"]
[Round "4.12"]
[White "Goktepe, Derin"]
[Black "Morgan, Scott"]
[Result "0-1"]
[WhiteElo "1957"]
[BlackElo "2068"]
[PlyCount "62"]
[EventDate "2021.01.16"]
[EventType "team (rapid)"]
[EventRounds "5"]
[EventCountry "CAN"]

1. d4 Nf6 2. c4 e5 3. dxe5 Ng4 4. Nf3 Bc5 5. e3 Nc6 6. Be2 Ngxe5 7. O-O O-O 8.
Nc3 a5 9. b3 d6 10. Bb2 Be6 11. Ne4 Ba7 12. Nd4 Bd7 13. f4 f5 14. fxe5 fxe4 15.
exd6 Qg5 16. Kh1 cxd6 17. Qd2 Ne5 18. Nb5 Bxb5 19. Qd5+ Kh8 20. Qxd6 Nf7 21.
Qc7 Bb8 22. Qb6 Qh4 23. h3 Qg3 24. Rf4 Bxf4 25. exf4 Bc6 26. Bg4 e3 27. Rg1 Nh6
28. Qc7 Nf5 29. Be5 e2 30. Bxf5 Bxg2+ 31. Rxg2 e1=Q+ 0-1

[Event "British Columbia-Washington m"]
[Site "chess.com"]
[Date "2021.01.17"]
[Round "5.1"]
[White "Hemstapat, Andrew"]
[Black "Mahajan, Rushaan"]
[Result "1-0"]
[WhiteElo "2245"]
[BlackElo "2209"]
[PlyCount "51"]
[EventDate "2021.01.16"]
[EventType "team (rapid)"]
[EventRounds "5"]
[EventCountry "CAN"]

1. e4 c6 2. d3 d5 3. Nd2 e5 4. Ngf3 Bd6 5. d4 exd4 6. exd5 c5 7. Ne4 Be7 8. Bc4
Bf5 9. Ng3 Bg6 10. h4 Nf6 11. h5 Be4 12. Nxe4 Nxe4 13. Qd3 Nd6 14. Bf4 Nxc4 15.
Qxc4 Na6 16. O-O-O Nb4 17. h6 g6 18. d6 Bxd6 19. Rhe1+ Kf8 20. Bxd6+ Qxd6 21.
Ne5 Nd5 22. Qxc5 Rd8 23. Qxd4 f6 24. Nc4 Qd7 25. Qc5+ Kf7 26. Rxd5 1-0

[Event "British Columbia-Washington m"]
[Site "chess.com"]
[Date "2021.01.17"]
[Round "5.2"]
[White "Levine, Joseph"]
[Black "Le, Quang Long"]
[Result "1-0"]
[WhiteElo "2179"]
[BlackElo "2420"]
[PlyCount "91"]
[EventDate "2021.01.16"]
[EventType "team (rapid)"]
[EventRounds "5"]
[EventCountry "CAN"]

1. e4 c6 2. d3 d5 3. Nd2 e5 4. Ngf3 Nd7 5. g3 h5 6. Bg2 Be7 7. O-O h4 8. Re1
hxg3 9. hxg3 d4 10. c3 c5 11. Nc4 f6 12. cxd4 cxd4 13. Nh4 Nb6 14. Ng6 Rh7 15.
Ncxe5 fxe5 16. Qb3 Nf6 17. Nxe5 Qd6 18. Qf7+ Kd8 19. Bf4 Be6 20. Qg6 Nbd7 21.
Nf7+ Bxf7 22. Qxf7 Ne5 23. Qb3 g5 24. Bxg5 Qb6 25. Bxf6 Qxb3 26. Bxe7+ Kxe7 27.
axb3 Nxd3 28. Red1 Nb4 29. Rxd4 Nc2 30. Rc4 Nxa1 31. Rc7+ Kd6 32. Rxh7 Rb8 33.
f4 Nxb3 34. e5+ Ke6 35. Rxb7 Rxb7 36. Bxb7 Nc5 37. Bc8+ Kd5 38. Kg2 a5 39. Bf5
Na4 40. b3 Nc5 41. Bc2 Kd4 42. Bd1 Ke3 43. f5 Kd4 44. e6 Ne4 45. e7 Nf6 46. Bh5
1-0

[Event "British Columbia-Washington m"]
[Site "chess.com"]
[Date "2021.01.17"]
[Round "5.3"]
[White "Jiang, Brandon"]
[Black "Kenney, Jason"]
[Result "0-1"]
[WhiteElo "2110"]
[BlackElo "2255"]
[PlyCount "48"]
[EventDate "2021.01.16"]
[EventType "team (rapid)"]
[EventRounds "5"]
[EventCountry "CAN"]

1. e4 c6 2. d4 d5 3. exd5 cxd5 4. Bd3 Nc6 5. c3 Qc7 6. h3 e6 7. Nf3 Bd6 8. O-O
Nge7 9. Re1 Bd7 10. Qe2 f6 11. a4 e5 12. dxe5 fxe5 13. Bc2 e4 14. Nfd2 O-O 15.
Nf1 Ne5 16. Nbd2 Rf6 17. Ne3 Raf8 18. Nxd5 Nxd5 19. Nxe4 Nf3+ 20. gxf3 Bh2+ 21.
Kh1 Rxf3 22. Ng5 Rxf2 23. Qd3 Nf6 24. Nxh7 Bc6+ 0-1

[Event "British Columbia-Washington m"]
[Site "chess.com"]
[Date "2021.01.17"]
[Round "5.4"]
[White "Moroney, Timothy"]
[Black "Huang, Patrick"]
[Result "1-0"]
[WhiteElo "2048"]
[BlackElo "2247"]
[PlyCount "81"]
[EventDate "2021.01.16"]
[EventType "team (rapid)"]
[EventRounds "5"]
[EventCountry "CAN"]

1. e4 g6 2. d4 Bg7 3. Nc3 d6 4. f4 a6 5. Nf3 b5 6. Bd3 Nd7 7. O-O c5 8. dxc5
Nxc5 9. Be3 Bb7 10. e5 Rc8 11. a3 Nh6 12. h3 Nxd3 13. cxd3 Nf5 14. Bf2 Bxf3 15.
Qxf3 dxe5 16. fxe5 Bxe5 17. Rae1 Bxc3 18. bxc3 Rxc3 19. g4 Nd4 20. Qe4 Ne6 21.
Qe5 O-O 22. Qxc3 Nf4 23. d4 Qd5 24. Qg3 Qd6 25. Kh2 Rc8 26. Be3 Rc2+ 27. Rf2
Rxf2+ 28. Bxf2 g5 29. Be3 Qf6 30. Bxf4 gxf4 31. Qf2 f3 32. Re3 Qf4+ 33. Kg1
Qxd4 34. Rxf3 Qd1+ 35. Kh2 Qd5 36. Rf5 Qd6+ 37. Qg3 Qd2+ 38. Rf2 Qe1 39. Qf3
Qe6 40. Rd2 Qe1 41. Qc3 1-0

[Event "British Columbia-Washington m"]
[Site "chess.com"]
[Date "2021.01.17"]
[Round "5.6"]
[White "Nguyen, Thanh Tien"]
[Black "Tian, Shi Yuan (Sherry)"]
[Result "0-1"]
[WhiteElo "2027"]
[BlackElo "2045"]
[PlyCount "120"]
[EventDate "2021.01.16"]
[EventType "team (rapid)"]
[EventRounds "5"]
[EventCountry "CAN"]

1. e4 c6 2. d4 d5 3. exd5 cxd5 4. Bd3 Nc6 5. c3 Nf6 6. h3 e6 7. Nf3 Be7 8. O-O
O-O 9. Bf4 a6 10. a4 Bd7 11. Nbd2 Rc8 12. Ne5 Nxe5 13. Bxe5 Ne8 14. Nf3 Bd6 15.
Re1 f6 16. Bh2 Bxh2+ 17. Nxh2 Nd6 18. Qh5 g6 19. Qh6 Nf7 20. Qd2 Qc7 21. Ng4
Kg7 22. f4 Rce8 23. Qf2 Qd6 24. Qg3 Qb6 25. a5 Qd6 26. Re3 Qc7 27. Rf1 Qxa5 28.
h4 Bb5 29. h5 Bxd3 30. Rxd3 Nd6 31. h6+ Kg8 32. Nf2 Qb6 33. b4 f5 34. Qh3 Ne4
35. Nxe4 dxe4 36. Re3 Rf7 37. Kh1 Rc7 38. Qh4 Qb5 39. Rg1 Rec8 40. Qf6 Qd7 41.
Rc1 Qf7 42. Qh4 Qe7 43. Qh3 Rc4 44. Rd1 Qf7 45. Rb1 Qc7 46. Rb3 Qxf4 47. Rb1 e5
48. dxe5 Qxe5 49. Rd1 R4c7 50. Qh4 Qe7 51. Qf4 Rd7 52. Rxd7 Qxd7 53. Qe5 Rd8
54. Rg3 Qd1+ 55. Kh2 Qd7 56. c4 Re8 57. Qf6 Qe7 58. Qxf5 Qh4+ 59. Qh3 Qxh3+ 60.
Rxh3 e3 0-1

[Event "British Columbia-Washington m"]
[Site "chess.com"]
[Date "2021.01.17"]
[Round "5.7"]
[White "Shubin, Daniel"]
[Black "Mackinnon, Keith"]
[Result "1/2-1/2"]
[WhiteElo "2161"]
[BlackElo "2268"]
[PlyCount "79"]
[EventDate "2021.01.16"]
[EventType "team (rapid)"]
[EventRounds "5"]
[EventCountry "CAN"]

1. e4 c5 2. Nf3 e6 3. d4 cxd4 4. Nxd4 Nc6 5. c4 Nf6 6. Nc3 Bb4 7. Nxc6 bxc6 8.
Bg5 Qa5 9. Bxf6 gxf6 10. Qd3 Rb8 11. Be2 Ba6 12. O-O Ke7 13. Nd1 d5 14. Qc2
dxc4 15. Bxc4 Rhd8 16. Bxa6 Qxa6 17. a3 Bd2 18. b4 Bxb4 19. Ne3 Bd6 20. Nc4 Bc7
21. f4 Rd4 22. Rac1 Rbd8 23. e5 f5 24. h3 h5 25. Kh1 Rd3 26. Qf2 R8d4 27. Ne3
Ke8 28. Nc2 Rd2 29. Qxd4 Rxd4 30. Nxd4 c5 31. Nb3 c4 32. Nd4 Bb6 33. Rfd1 Qa4
34. Nf3 Be3 35. Rb1 c3 36. Rb8+ Ke7 37. Rb7+ Ke8 38. Rb8+ Ke7 39. Rb7+ Ke8 40.
Rb8+ 1/2-1/2

[Event "British Columbia-Washington m"]
[Site "chess.com"]
[Date "2021.01.17"]
[Round "5.8"]
[White "Vijayakumar, Advaith"]
[Black "Pham, Bich Ngoc"]
[Result "1-0"]
[WhiteElo "2026"]
[BlackElo "2235"]
[PlyCount "51"]
[EventDate "2021.01.16"]
[EventType "team (rapid)"]
[EventRounds "5"]
[EventCountry "CAN"]

1. d4 f5 2. Nc3 Nf6 3. Bg5 e6 4. e4 fxe4 5. Nxe4 Be7 6. Bxf6 Bxf6 7. Qh5+ g6 8.
Qh6 Bxd4 9. O-O-O Bf6 10. h4 Nc6 11. h5 Ne5 12. hxg6 Nxg6 13. Bd3 Be5 14. g3
Qe7 15. Ng5 Qg7 16. Qxg7 Bxg7 17. Rxh7 O-O 18. Bxg6 Rxf2 19. N1h3 Rf6 20. Nf4
d6 21. Rdh1 Bd7 22. Rxg7+ Kxg7 23. Rh7+ Kg8 24. Rxd7 e5 25. Bh7+ Kh8 26. Ng6+
1-0

[Event "British Columbia-Washington m"]
[Site "chess.com"]
[Date "2021.01.17"]
[Round "5.9"]
[White "Brown, Gabriel"]
[Black "Seshadri, Sridhar"]
[Result "1-0"]
[WhiteElo "2048"]
[BlackElo "1626"]
[PlyCount "123"]
[EventDate "2021.01.16"]
[EventType "team (rapid)"]
[EventRounds "5"]
[EventCountry "CAN"]

1. c4 Nf6 2. Nc3 g6 3. e4 d6 4. d4 Bg7 5. Nf3 O-O 6. Be2 Nbd7 7. O-O c5 8. Be3
b6 9. d5 Ng4 10. Bg5 Nde5 11. h3 Nxf3+ 12. Bxf3 Ne5 13. Be2 f6 14. Be3 f5 15.
Qd2 Nf7 16. exf5 Bxf5 17. Rac1 a6 18. Bd3 Bxd3 19. Qxd3 Ne5 20. Qe2 b5 21. cxb5
axb5 22. Qxb5 c4 23. Ne4 Rb8 24. Qa4 Rxb2 25. Ng5 Qa8 26. Qxa8 Rxa8 27. Bd4
Raxa2 28. Bxb2 Rxb2 29. f4 Nd3 30. Rxc4 Nc5 31. Ne6 Bh8 32. Kh1 Kf7 33. Nxc5
dxc5 34. Rxc5 Bd4 35. Rc7 Kf6 36. Re1 Kf5 37. Rcxe7 Bc3 38. Rf1 Kf6 39. Rxh7
Rd2 40. Rd7 g5 41. fxg5+ Kxg5 42. Rc7 Be5 43. Rcf7 Rxd5 44. R7f5+ Kg6 45. g4
Ra5 46. Re1 Bc3 47. Rxa5 Bxe1 48. Rb5 Bh4 49. Kg2 Kf6 50. Kf3 Ke6 51. Ke4 Kf6
52. Kf4 Kg6 53. Rb6+ Kg7 54. Kf5 Kf7 55. Rb7+ Kg8 56. Kg6 Kf8 57. Kh5 Be1 58.
g5 Bc3 59. Kg6 Be5 60. h4 Kg8 61. h5 Kh8 62. Re7 1-0

[Event "British Columbia-Washington m"]
[Site "chess.com"]
[Date "2021.01.17"]
[Round "5.10"]
[White "Kagaoan, Jose"]
[Black "Goktepe, Derin"]
[Result "1-0"]
[WhiteElo "1989"]
[BlackElo "1957"]
[PlyCount "97"]
[EventDate "2021.01.16"]
[EventType "team (rapid)"]
[EventRounds "5"]
[EventCountry "CAN"]

1. e4 e5 2. Nf3 Nc6 3. c3 d6 4. d4 Nf6 5. d5 Ne7 6. h3 Ng6 7. g3 Be7 8. Bg2 O-O
9. Qc2 c6 10. c4 cxd5 11. cxd5 b6 12. O-O a5 13. Nc3 Ba6 14. Re1 Nd7 15. Be3
Nc5 16. Bxc5 bxc5 17. b3 Qc7 18. Nd2 Rab8 19. Nc4 Rb4 20. a3 Rb7 21. Rab1 Rfb8
22. Na4 Bb5 23. Nc3 Ba6 24. Bf1 h6 25. Ne3 Bxf1 26. Rxf1 Qd7 27. Kh2 Bg5 28.
Nc4 Bd8 29. a4 Qe7 30. Nb5 Bc7 31. f4 f6 32. Rbe1 Rf8 33. Qe2 Rbb8 34. Qg4 Nh8
35. Ne3 Kh7 36. Nf5 Qd7 37. Qxg7+ Qxg7 38. Nxg7 Kxg7 39. Nxc7 Kf7 40. fxe5 dxe5
41. Ne6 Rfc8 42. Rf3 c4 43. bxc4 Rxc4 44. Ref1 Rb2+ 45. Kg1 Rxe4 46. Rxf6+ Ke7
47. d6+ Ke8 48. d7+ Kxd7 49. Nc5+ 1-0

[Event "British Columbia-Washington m"]
[Site "chess.com"]
[Date "2021.01.17"]
[Round "5.11"]
[White "Morgan, Scott"]
[Black "Ramkumar, Aditya"]
[Result "1-0"]
[WhiteElo "2068"]
[BlackElo "1452"]
[PlyCount "89"]
[EventDate "2021.01.16"]
[EventType "team (rapid)"]
[EventRounds "5"]
[EventCountry "CAN"]

1. e4 c5 2. Nc3 Nc6 3. Bb5 d6 4. Bxc6+ bxc6 5. f4 g6 6. Nf3 Bg7 7. O-O e6 8. d3
Ne7 9. Qe1 O-O 10. Qh4 d5 11. Na4 c4 12. dxc4 dxe4 13. Nd2 Qd4+ 14. Kh1 Nf5 15.
Qe1 e3 16. Nb3 Qxc4 17. Nbc5 Bd4 18. b3 Qd5 19. c4 Qd6 20. Ne4 Qe7 21. Bb2 c5
22. Qa5 Bb7 23. Nexc5 Bxb2 24. Nxb2 Bc6 25. Nbd3 Qh4 26. Ne5 Ng3+ 27. Kg1 Nxf1
28. Rxf1 e2 29. Re1 Rac8 30. g3 Qh5 31. Qd2 Bf3 32. Ncd7 Rfd8 33. Qc3 Rxd7 34.
Nxd7 Qf5 35. Qxf3 Rd8 36. Ne5 f6 37. Ng4 Rd1 38. Nh6+ Kf8 39. Nxf5 Rxe1+ 40.
Kg2 Rg1+ 41. Kh3 e1=Q 42. Qa8+ Kf7 43. Qb7+ Kf8 44. Qe7+ Kg8 45. Qg7# 1-0

[Event "British Columbia-Washington m"]
[Site "chess.com"]
[Date "2021.01.17"]
[Round "5.12"]
[White "Zhu, Brandon"]
[Black "Velea, Sophie"]
[Result "0-1"]
[WhiteElo "2176"]
[BlackElo "1790"]
[PlyCount "60"]
[EventDate "2021.01.16"]
[EventType "team (rapid)"]
[EventRounds "5"]
[EventCountry "CAN"]

1. e4 c5 2. Nf3 d6 3. d4 cxd4 4. Nxd4 Nf6 5. Nc3 g6 6. Be3 Bg7 7. f3 O-O 8. Qd2
Nc6 9. Bc4 Bd7 10. Bb3 Rc8 11. h4 Nxd4 12. Bxd4 b5 13. h5 b4 14. Nd5 Be6 15.
hxg6 hxg6 16. g4 Bxd5 17. exd5 a5 18. Qh2 Re8 19. Be3 Qd7 20. Bh6 Bh8 21. Bf8
Nh5 22. gxh5 Kxf8 23. hxg6 Bg7 24. gxf7 Kxf7 25. O-O-O Qf5 26. Rdg1 Qe5 27.
Rxg7+ Qxg7 28. Rg1 Qh8 29. Qf4+ Qf6 30. Qg4 Rh8 0-1

[Event "British Columbia-ch"]
[Site "Victoria CAN"]
[Date "2021.10.02"]
[Round "1.1"]
[White "Morgan, Scott"]
[Black "McLaren, Brian"]
[Result "1-0"]
[WhiteElo "2068"]
[BlackElo "2142"]
[PlyCount "73"]
[EventDate "2021.10.08"]
[EventType "tourn"]
[EventRounds "7"]
[EventCountry "CAN"]

1. e4 Nf6 2. e5 Nd5 3. Nc3 Nxc3 4. bxc3 d6 5. exd6 cxd6 6. d4 g6 7. Qf3 Nd7 8.
Bc4 e6 9. Ne2 Bg7 10. h4 h6 11. Bf4 Qe7 12. Kd2 e5 13. Rae1 Kf8 14. Bh2 Nb6 15.
Bb3 h5 16. Kc1 Be6 17. d5 Bg4 18. Qd3 Qc7 19. Ng3 a5 20. a3 Qc5 21. f3 a4 22.
Ba2 Qxa3+ 23. Kb1 Bf5 24. Ne4 Nd7 25. Qb5 Ra6 26. Bg1 Ke7 27. Be3 Bxe4 28. fxe4
Qxc3 29. Re2 Rc8 30. Rh3 Qc7 31. Kc1 Ra5 32. Qb4 Nc5 33. Kd1 Na6 34. Qb2 Qd7
35. Rf3 Rb5 36. Qa3 f6 37. c4 {Time} 1-0

[Event "British Columbia-ch"]
[Site "Victoria CAN"]
[Date "2021.10.08"]
[Round "1.2"]
[White "Doknjas, John"]
[Black "Kenney, Jason"]
[Result "1-0"]
[WhiteElo "2299"]
[BlackElo "2255"]
[PlyCount "69"]
[EventDate "2021.10.08"]
[EventType "tourn"]
[EventRounds "7"]
[EventCountry "CAN"]

1. e4 c6 2. d4 d5 3. exd5 cxd5 4. c4 Nf6 5. Nc3 Nc6 6. Nf3 g6 7. cxd5 Nxd5 8.
Qb3 Nxc3 9. Bc4 Nd5 10. Bxd5 e6 11. Bxc6+ bxc6 12. Bg5 f6 13. Be3 Qd5 14. O-O
Bd6 15. Rfc1 Rb8 16. Qxd5 cxd5 17. Rc6 Be7 18. Bf4 Ra8 19. Rac1 Bd7 20. Rc7 g5
21. Bg3 Bd8 22. Rb7 Bb6 23. Bd6 Rc8 24. Rxc8+ Bxc8 25. Re7+ Kd8 26. Rg7 g4 27.
Rxg4 Kd7 28. Bb4 Kc6 29. Rg7 e5 30. dxe5 fxe5 31. Nxe5+ Kb5 32. Bc3 Re8 33. Nf3
Re2 34. Bd4 Kc4 35. Bxb6 1-0